Get the Picture: The Mountain or the Hound? Quiz Stats

 Plays Quiz Updated Sep 4, 2019

Score 0/16 Timer 04:00
0 Plays Today
Question Answer Wrong Answers
Which Clegane brother was experimented on by Qyburn? The Mountain
88.2%
The Hound
7.4%
Which Clegane brother advised Sansa to leave King's Landing during the Battle of the Blackwater? The Hound
88.2%
The Mountain
7.3%
Which Clegane brother had part of his ear bitten off by Brienne of Tarth? The Hound
87.7%
The Mountain
8%
Which Clegane brother carried Cersei into the Red Keep following her walk of atonement? The Mountain
87.1%
The Hound
8.7%
Which Clegane brother was responsible for horrifically scarring the other one's face? The Mountain
87.1%
The Hound
8.7%
Which Clegane brother battled Oberyn Martell to death in a trial by combat? The Mountain
86.4%
The Hound
9.3%
Which Clegane brother asked Gendry to prepare him an axe made of dragonglass? The Hound
86.3%
The Mountain
9.2%
Which Clegane brother lived with a band of villagers led by Septon Ray? The Hound
85.4%
The Mountain
10.7%
Which Clegane brother killed many wights with Gendry's hammer? The Hound
83.6%
The Mountain
12.1%
Which Clegane brother prevented Tommen from leaving his chambers, to protect him from the destruction of the Great Sept of Baelor? The Mountain
81.7%
The Hound
13.9%
Which Clegane brother won a trial by combat against Beric Dondarrion and was released in keeping with their agreement? The Hound
80%
The Mountain
15.9%
Which Clegane brother did Lancel Lannister threaten to unleash the Faith Militant on? The Mountain
79.8%
The Hound
16.1%
Which Clegane brother executed two hundred Northern and Riverlands prisoners at Harrenhal, before leaving the castle? The Mountain
79.2%
The Hound
17.1%
Which Clegane brother chased down and killed the butcher's son, Mycah? The Hound
78.4%
The Mountain
17.3%
Which Clegane brother killed Ser Hugh of the Vale in a joust? The Mountain
76.5%
The Hound
19.7%
Which Clegane brother was attacked by Biter, who sank his teeth into his neck? The Hound
74%
The Mountain
21.9%

Today's Daily Dose

Missing Word
Sherlocks

Word Ladder
King of the Hill

Quick Pick
Songs in Pink

Get the Picture
NBA Teammates

You're not logged in!

Compare scores with friends on all Sporcle quizzes.
OR
Log In

Sporcle TV

Today on Sporcle TV


Watch our educational content, quiz creation guides, and fun videos on Sporcle TV.

Show Comments

Extras

Top Quizzes Today


Score Distribution

Your Account Isn't Verified!

In order to create a playlist on Sporcle, you need to verify the email address you used during registration. Go to your Sporcle Settings to finish the process.

Report this User

Report this user for behavior that violates our Community Guidelines.

Details: